000 00210 a2200097 4500
001 17769
100 _aRahman, M H
245 _aLeadership Junior commanders
260 _a
_bFerozsons
_c
090 _c13136
_d13136
942 _aNUST-CAE
_cM
_c3488
999 _c252842
_d252842